| 000 | 02898nam a2200601 c 4500 | ||
|---|---|---|---|
| 999 |
_c191846 _d191846 |
||
| 003 | BLK | ||
| 005 | 20250109124012.0 | ||
| 008 | 180411b bul|||||r ||||||| ||bul|| | ||
| 010 | _aKNG00201010000 | ||
| 020 | _a978-954-712-707-4 | ||
| 040 | _aBLK | ||
| 041 |
_aBUL _cBUL |
||
| 072 | 7 |
_2bullib _aН00 _xОбщ отдел Н |
|
| 072 | 7 |
_2bullib _aРА _xРусенски автори |
|
| 072 | 7 |
_2bullib _aК _xКраезнание |
|
| 080 |
_aЦивилизация. Култура. Прогрес. История на културата вж 930.85 _b008 _x(497.2)(092) _z008(497.2)(092) |
||
| 080 |
_aБългарска литература _b821.163.2 _x-8 _z821.163.2-8 |
||
| 080 |
_aБългарски артист, драматург, поет, белетрист, преводач, театрален и литературен критик, библиотекар, режисьор и детски писател _b929 Мутафов, Константин Димитров _z929 Мутафов, Константин Димитров |
||
| 100 |
_aДонева, Велислава Владимирова _9373694 |
||
| 139 |
_aДонева, Велислава Владимирова и др. _bМ 96 |
||
| 245 | 1 | 0 |
_aКонстантин Мутафов _bЖивотоописание, творчество _cВелислава Владимирова Донева; съавт. Веселина Йорданова Антонова; съавт. Стефан Веселинов Вичев. |
| 257 | _aBGR | ||
| 260 |
_bРусенски унив. Ангел Кънчев _c2016 |
||
| 300 |
_a340 с. _bс ил., портр., факс. _c24 см |
||
| 380 | _a7 | ||
| 500 | _aБиблиогр. с. 327-339. | ||
| 600 | 0 |
_aМутафов, Константин Димитров _d1879 - 1946 _9346787 |
|
| 650 | 4 |
_aМутафов, Константин Димитров _9382456 |
|
| 650 | 4 |
_aИнтелигенция - България - история _9249768 |
|
| 651 | 4 |
_aБългария _9241624 |
|
| 653 | _aКонстантин Мутафов | ||
| 653 | _aкултурни дейци | ||
| 653 | _aписатели | ||
| 653 | _aбългарски артисти | ||
| 653 | _aбиблиотекари | ||
| 653 | _aрежисьори | ||
| 653 | _aкритици | ||
| 653 | _aинтервюта | ||
| 653 | _aбиографии | ||
| 653 | _aрусенци | ||
| 659 | _aК | ||
| 659 | _aН | ||
| 700 | 1 |
_aАнтонова, Веселина Йорданова _eсъавт. _9365633 |
|
| 700 | 1 |
_aВичев, Стефан Веселинов _eсъавт. _9368883 |
|
| 852 | _aЦб 284430 | ||
| 852 | _aК 0/М 96 К | ||
| 856 | 4 | _qpdf | |
| 856 | 4 | _qpdf | |
| 942 |
_cKNG _n0 _07 _s1 |
||
| 944 |
_aCR _c15.02.2017 _lКети Илиева _k30550 |
||
| 944 |
_aED _c10.03.2017 _lф / _kЛюдмила_Стоянова |
||
| 999 | _d191846 | ||